Statistics for Luke Combs - 5 Leaf Clover Lyrics

Click here to take the quiz!

General Stats

  • This quiz has been taken 57 times
  • The average score is 261 of 305

Answer Stats

Answer% Correct
a
100%
who
98%
clover?
96%
five
96%
leaf
96%
like
96%
up
96%
with
96%
be
94%
I
94%
get
92%
guy
92%
it
92%
to
92%
when
92%
ain't
90%
an
90%
every
90%
go
90%
love
90%
me
90%
of
90%
three
90%
am
88%
and
88%
but
88%
do
88%
got
88%
I'm
88%
know
88%
lucky
88%
man
88%
on
88%
the
88%
why
88%
work
88%
can
86%
deserves
86%
from
86%
hand
86%
in
86%
my
86%
palm
86%
something
86%
sure
86%
their
86%
this
86%
world
86%
anyone
84%
good
84%
home
84%
monday
84%
above
82%
eight
82%
evening
82%
friends
82%
God
82%
make
82%
sent
82%
year
82%
angel
80%
as
80%
beer
80%
'cause
80%
fine
80%
full
80%
over
80%
ten
80%
thankful
80%
that
80%
thing
80%
weekend
80%
wind
80%
can't
78%
cant
78%
'cause
78%
it's
78%
knees
78%
last
78%
point
78%
been
76%
fridge
76%
hit
76%
Is
76%
one
76%
season
76%
who'd
76%
cold
73%
I've
73%
looks
73%
wound
73%
camera
71%
he
71%
dog
69%
his
69%
wags
67%
How'd
65%
how'd
65%
tail
65%
driveway
63%
barn
61%
grew
61%
hears
61%
parked
61%
place
61%
weeds
59%
bunch
55%
folks
55%
that's
55%
ton
55%
years
55%
half
53%
still
53%
coulda
35%

Score Distribution

Percentile by Number Answered

Percent of People with Each Score

Your Score History

You have not taken this quiz